000 01596cam a22004694i 4500
003 PE-LiUPU
005 20250731173540.0
008 150616s1981 gau rb 000 0 eng d
020 _a0804216886
035 _a(Sirsi) i9780804216883
040 _aPE-LiUPU
_bspa
_cPE-LiUPU
_erda
049 _aPRUA
082 0 4 _a264
_bN51
_221
100 1 _aNg, David,
_eautor.
245 1 0 _aChildren in the Worshiping Community /
_cDavid Ng.
264 1 _aAtlanta, Georgia :
_bJohn Knox Press,
_c1981.
300 _a156 páginas ;
_c21 centímetros
336 _atext
_2rdacontent
337 _aunmediated
_2rdamedia
338 _avolume
_2rdacarrier
504 _aBibliografía: páginas 146-156.
505 0 _aChildren and worship: problems and possibilities -- The faith that calls children to worship -- Teaching about worship in graded groups.
526 _aSEG42
526 _aSEG41
526 _aSEG40
526 _aSEG39
526 _aP94
526 _aP87
526 _aP86
526 _aP85
526 _aP77
526 _aP76
526 _aP35
650 0 4 _aCulto y adoración en niños.
910 _ajck
_bjvq
_cjck
942 _2ddc
_cBOOK
949 _a264 N51
_wDEWEY
_c1
_i42575
_lCCODEBUL1
_mBUL
_r0
_sY
_tBOOK
_u2015-6-16
_xTEOLOGIA
_zUNKNOWN
_0COMPRA
_o.STAFF. Colección General
994 _aC0
_bPEPRU
596 _a1
999 _a264 N51
_wDEWEY
_c60410
_i42575
_f2021-11-10
_g5
_lCCODEBUL1
_mBUL
_p28.70
_r0
_sY
_tBOOK
_u2015-6-16
_xTEOLOGIA
_PP35
_0COMPRA
_o.STAFF. Colección Teología
_d60410
980 _81
_gALBERTO SANCHEZ Responsable de Automatización